Länder mit dem Zahlungsmittel "Euro" - Statistiken

Allgemein
  • Dieses Quiz wurde 335 mal gespielt
  • Das Durchschnittsergebnis liegt bei 18 aus 20
Antworten auf der Karte
Die Antworten werden auf der Karte rot bzw. grün angezeigt, abhängig davon wie oft sie richtig erraten wurden.
 
Antwortstatistiken
Land % Korrekt
Deutschland
99%
Frankreich
98%
Österreich
98%
Italien
97%
Spanien
96%
Kroatien
94%
Belgien
93%
Finnland
93%
Niederlande
92%
Lettland
91%
Portugal
91%
Estland
90%
Litauen
90%
Griechenland
89%
Luxemburg
89%
Slowakei
88%
Slowenien
88%
Irland
83%
Malta
74%
Zypern
55%
Keine übereinstimmenden Quizze gefunden
Verteilung der Resultate
Anzahl Personen mit jedem Resultat
Perzentil nach korrekt beantworteten Fragen
Ihre Resultats-Entwicklung
Sie haben dieses Quiz noch nicht gespielt